1597 1794 1229 1128 1586 1171 1197 1730 1412 1442 1579 1961 1211 1426 1106 1811 1247 1982 1304 1958 1208 1811 1065 1442 1382 1391 1071 1864 1962 1033 1207 1771 1448 1930 1864 1642 1015 1477 1994 1558 1803 1337 1302 1155 1492 1331 1033 1153 1855 1234 1971 1791 1329 1066 1185 1698 1575 1861 1236 1139 1206 1427 1572 1722 1664 1145 1833 1621 1203 1484 1312 1375 1217 1764 1253 1182 1374 1700 1189 1374 1378 1488 1456 1372 1797 1046 1037 1997 1659 1709 1665 1371 1500 1986 1492 1544 1880 1081 1140 BCNSPRNW ULIB Ver.6.0+V

เปลี่ยนเป็นภาษาไทย

Change to English
 แสดงรายละเอียดบรรณานุกรม
  กลับหน้าหลัก

Brief Record : Get Marc (ISO 2709) : E-mail record : QR code < ปิดหน้าต่าง
LEADER : 00000nam 2200000uu 4500
001    13399120947
003     ULIB
008    121026s2552||||th 000 0 tha d
020    ^a9786117070211 (ล.2)
050  4 ^aH62^bส786ห ล.2
100 0  ^aสุธีระ ประเสริฐสรรพ์
245 10 ^aหลักคิด--การวิจัย 2 /^cสุธีระ ประเสริฐสรรพ์
246 30 ^aหลักคิด..การวิจัย 2
250    ^aพิมพ์ครั้งที่ 1
260    ^aกรุงเทพฯ :^bสำนักงานกองทุนสนับสนุนการวิจัย (สกว.),^c2552
300    ^a5 เล่ม :^bภาพประกอบ ;^c24 ซม.
650  7 ^aการวิจัย
650  7 ^aการศึกษา
650  7 ^aการเรียนรู้
710 2  ^aสำนักงานกองทุนสนับสนุนการวิจัย
740 0  ^aวิจัยใน...ความคิด : เล่มที่ 1
740 0  ^aหลักคิด...การวิจัย : เล่มที่ 2
740 0  ^aวิจัย...เรื่องใกล้ตัว : เล่มที่ 3
740 0  ^aเรียนรู้คู่วิจัย : เล่มที่ 4
740 0  ^aวิจัยใน...จินตนาการ : เล่มที่ 5
945    ^p70^l0^i16129
995    ^aทศพร
999    ^aทศพร เกษรทอง
รายการนี้ยังไม่มีแท็ก
คุณยังไม่ได้ล็อกอิน คุณสามารถมีกิจกรรมร่วมกับเว็บไซต์ได้ แต่ต้องล็อกอินก่อน ::
  ล็อกอิน

รายการสื่อสารสนเทศ

ลำดับที่ ประเภท เลขเรียก/บาร์โค้ด สถานที่ สถานะ
1. วิทยาศาสตร์การแพทย์ และสุขภาพ
วิทยาศาสตร์การแพทย์ และสุขภาพ
H62 ส786ห ล.2 ฉ.1 
  Barcode: 16129
ห้องสมุดวิทยาเขตสวรรค์ประชารักษ์
►หนังสือทั่วไป
บนชั้น

รายการใกล้เคียง
    ผู้แต่ง [สุธีระ ประเสริฐสรรพ์]

    หัวเรื่อง [การวิจัย]
    หัวเรื่อง [การศึกษา]
    หัวเรื่อง [การเรียนรู้]

BibComment


ยังไม่เคยถูกคอมเมนท์

คอมเมนท์ทรัพยากรรายการนี้
  คอมเมนท์: หลักคิดการวิจัย ..


 Copyright 2026. Bcnsprnw @Library